| 000 | 00929nac a22002291u 4500 | ||
|---|---|---|---|
| 010 | _a 2004268980 | ||
| 082 | 0 | 0 |
_a658.45 _bM238 |
| 090 |
_c4154 _d4154 |
||
| 100 | _aMalash, Farouk. | ||
| 245 | 0 | 0 |
_aBusiness law / _cFarouk Malash. |
| 250 | _a2nd ed. | ||
| 260 |
_a Egypt; _aAlexandria : _b El-Shenhapy, _cC.1999. |
||
| 300 |
_a191 p. : _bforms ; _c22 cm. |
||
| 500 | _aSome texts In arabic. | ||
| 500 | _aIncludes index. | ||
| 650 | 0 | _aBusiness. | |
| 856 | 4 | 2 |
_3Publisher description _uhttp://www.loc.gov/catdir/enhancements/fy0620/2004268980-d.html |
| 856 | 4 | 2 | _uhttp://www.loc.gov/catdir/enhancements/fy0620/2004268980-t.html |
| 856 | 4 | 2 |
_3Contributor biographical information _uhttp://www.loc.gov/catdir/enhancements/fy0723/2004268980-b.html |
| 942 |
_cBB _k658.45M238 |
||
| 999 |
_c4154 _d4154 |
||